000 01747nam0a2200385 i 4500
001 RU\NLR\BIBL_A\010721860
005 20260405171631.0
010 _a9785939729932
021 _aRU
_b2015-10142
_9619
035 _a(NILC)RuMoRGB-007872297
035 _a(NLR Aleph) 010721860
090 _a9824820
_c9824820
100 _a20150408d2015 km y0rusy50 ca
101 0 _arus
_deng
102 _aRU
105 _aa|||z||||01yy
200 1 _aМетоды прямой линеаризации для расчёта нелинейных систем
_dMethods of direct linearization for calculation of nonlinear systems
_fА. А. Алифов
_gРоссийская акад. наук
_zeng
210 _aМосква
_cR&C Dynamics
_d2015
_d[т. е. 2014]
215 _a73 с.
_cил.
_d20
300 _aАвт. также на англ. яз.: A. A. Alifov
300 _aВ конце кн. авт.: Алифов А. А., д. т. н.
300 _aКн. фактически изд. в 2014 г.
320 _aБиблиогр.: с. 71-73 (45 назв.)
510 1 _6z11790
_aMethods of direct linearization for calculation of nonlinear systems
_zeng
606 1 _aНелинейные динамические системы
_xРасчет
_xЛинеаризации метод
_92265566
_3RU\NLR\AUTH\6601587646
610 0 _aлинеаризация
610 0 _aрасчёт нелинейных систем
686 1 _aВ161.618с11
700 1 _8rus
_7ca
_aАлифов
_bА. А. о.
_gАлишир Али оглы
_3RU\NLR\AUTH\7773260
_956188
790 1 _6z11510
_aAlifov
_bA. A.
_gAlisir Ali
801 0 _aRU
_bРГБ
_c20150219
_gRCR
942 _cBOOK
980 _aNBR